| 000 | 00440cam a2200133ua 4500 | ||
|---|---|---|---|
| 082 |
_a333.9140954 _bVAR/AC |
||
| 245 | 0 | 0 | _aAccelarated Hydropower Development and Pumped Storage Development / |
| 260 |
_aNew Delhi : _bCentral Board of Irrigation and Power (CBIP) , _c1997. |
||
| 300 | _a ; . | ||
| 500 | _a1-3 December 1997 New Delhi, India. Proceedings | ||
| 700 | 1 |
_aVarma, C.V.J. _91479 |
|
| 700 | 1 |
_aKaushish, S.P . _91480 |
|
| 942 | _cREF | ||
| 999 |
_c6804 _d6804 |
||